000 00219nam a22000857a 4500
008 160809b xxu||||| |||| 00| 0 eng d
100 _972
_aSingh R
245 _aThe Bubbly Drop
260 _aNew Delhi
_bChildren Book Trust
_c2011
999 _c2724
_d2724